Normale Ansicht MARC-Ansicht ISBD

Geschichte des Westens (Titelsatznr. 46903)

[ MARC ]
MARC-Details
000 -Satzkennung
Kontrollfeld mit fester Länge 00516nam a22001691cc4500
001 - Kontrollnummer
Kontrollfeld a987666126+Band3
035 ## - Systemkontrollnummer
System-Kontrollnummer a987666126
008 - Feld mit fester Länge zur physischen Beschreibung - Allgemeine Angaben
Kontrollfeld mit fester Länge 170707s2014 gw |||| 000u ger d
020 ## - Internationale Standardbuchnummer
Internationale Standardbuchnummer 9783406669842
Verknüpfung 978-3-406-66984-2
040 ## - Katalogisierungsquelle
Übertragungsstelle RU-10907106
003 - Kontrollnummer Identifier
Kontrollfeld RU-10907106
245 00 - Titel
Titel Geschichte des Westens
Zählung des Teils/der Abteilung eines Werkes Band 3
Titel eines Teils/einer Abteilung eines Werkes Vom Kalten Krieg zum Mauerfall
264 ## - Produktion, Veröffentlichung, Distribution, Herstellung und Urheberrechtsvermerk
Herstellungs-, Veröffentlichungs- Vertriebs-, Erzeugungsort München :
Produzent, Herausgeber, Distributor, Hersteller Beck,
Datum der Herstellung, der Veröffentlichung, des Vertriebs oder des Urheberschutzvermerks 2014
246 12 - Titelvarianten
Hauptsachtitel/Kurztitel Geschichte des Westens. Vom Kalten Krieg zum Mauerfall
Zählung des Teils/der Abteilung eines Werkes Band 3
773 08 - Übergeordnete Einheit
Datensatzkontrollnummer a987666126
Zählung und erste Seite Band3
942 ## - Zusätzliche Felder (Koha)
Koha-Medientyp Monographien
Exemplare
Ausgeschieden Verloren Klassifikation oder Aufstellungssystematik Beschädigt Nicht entleihbar Heimatbibliothek Aufenthaltsbibliothek Aufstellungsort Erwerbungsdatum Inventarnummer Signatur Barcode Letzte Aktivität Preis gültig von Koha-Medientyp
    Andere/Generische Klassifikation     MWN Osteuropa MWN Osteuropa Lesesaal - 1 07/07/2017 14-02660 W 10 B b Win 1 (3) E00401506CBE00B7 09/11/2020 22/03/2021 Monographien